000 00561nam a2200181 i 4500
001 144697
003 ES-MaACL
005 20230906201058.0
007 t|
008 070214s1911 xxk r ||||1| eng d
100 1 _aSkeat, Walter W.
_9106740
245 1 0 _aA concise etymological dictionary of the English language /
_cWalter W. Skeat.
250 _aNew and corr. imp.
260 _aOxford :
_bClarence Press,
_c1911.
300 _aXV, 663 p. ;
_c19 x 12 cm.
650 4 _aLengua inglesa-
_xEtimologĂ­a-
_vDiccionarios.
_9162363
852 _aES-MaACL
_jD-3020
999 _c144697
_d144697